00642nam a22001577a 450000500170000001000150001702000270003203500140005903700090007308200100008210000450009224501110013726000510024827001590029930000260045820240703161123.0 aENG-140745 c1675.00a9788193733936 aEN-124277 bDBAD a668.4 aby NPCS Board of Consultants & Engineers aWax Polishes Manufacturing Handbook:bwith Process and Formulae/cby NPCS Board of Consultants & Engineers aDelhibNiir Project Consultancy Servicesc2019 bDelhia106-E, Opp. Spark Mall, Kamla Nagare110007k01123842955k01123845654k01123845886k08800733955l+911123845886mnpcs.india@gmail.comminfo@niir.org axxi, 362p.c21cm (pb)